Revista Argentina de Salud Publica (Registro nro. 1259)

Detalles MARC
000 -LEADER
fixed length control field 00593nas a22001817a 4500
008 - CAMPO DE CONTROL RECURSOS CONTINUADOS
fixed length control field 130314t20099999ag ||||| |||| 00| 0 spa d
022 ## - INTERNATIONAL STANDARD SERIAL NUMBER
International Standard Serial Number 1852-8724
245 ## - TITULO
Titulo Revista Argentina de Salud Publica
260 ## - PUBLICACION, DISTRIBUCION, ETC. (PIE DE IMPRENTA)
Lugar de publicación, distribución, etc Buenos Aires:
Nombre de la editorial, distribuidor, etc. Ministerio de Salud de la Nacion,
Fecha de publicación 2009
300 ## - DESCRIPCION FISICA
Extensión v. :
310 ## - FRECUENCIA ACTUAL DE LA PUBLICACION
Frecuencia actual de la publicación trimestral
546 ## - NOTA DE IDIOMA
Nota de lenguaje español
590 ## - NOTAS LOCALES (RLIN)
Nota local Indizada en: LILACS, Latindex
590 ## - NOTAS LOCALES (RLIN)
Nota local Existencias: 2009 1(1); 2010 1(2-5); 2011 2(6,9); 2012 3(13); 2013 4(14,15,16,17); 2014 5(18)
650 ## - MATERIA-TERMINO TEMATICO
Término temático SALUD PUBLICA
9 (RLIN) 1914
856 ## - LOCALIZACION ELECTRONICA Y ACCESO
Identificador Uniforme de Recurso (URI) <a href="http://www.saludinvestiga.org.ar/">http://www.saludinvestiga.org.ar/</a>
942 ## - ADDED ENTRY ELEMENTS (KOHA)
Source of classification or shelving scheme Dewey Decimal Classification
Item type Continuing Resources

No hay ítems disponibles.


UNIVERSIDAD NACIONAL DEL COMAHUE
Biblioteca de la Facultad de Ciencias Médicas
Sede Toschi: Los Arrayanes y Av. Toschi, Cipolletti  - Rio Negro
Sede Los Tordos:  Yrigoyen al 2211, Cipolletti - Rio Negro 

Teléfono: 0299 - 4774707 int 25
Contacto: biblioteca@facimed.uncoma.edu.ar
© 2011 - 2026